[Event "It Resort and Casino"]
[Site "Decameron DOM"]
[Date "2003.12.06"]
[Round "1"]
[White "Zapata,A"]
[Black "De la Paz,F"]
[Result "1/2-1/2"]
[WhiteElo "2472"]
[BlackElo "2427"]
[EventDate "2003.12.06"]

1. e4 e5 2. Nf3 Nc6 3. Bb5 a6 4. Bxc6 dxc6 5. O-O f6 6. d4 Bg4 7. dxe5 Qxd1
8. Rxd1 fxe5 9. Bg5 Be7 10. Be3 Nf6 11. Nbd2 O-O 12. h3 Bxf3 13. Nxf3 Nxe4
14. Nxe5 Bf6 15. Nd3 b6 16. c3 c5 17. f3 Bg5 18. Bxg5 Nxg5 19. Re1 Rad8 20.
Rad1 Rd6 21. Ne5 Re8 22. f4 Nf7 23. Nf3 Rxd1 24. Rxd1 Re7 25. Rd5 g6 26.
Kf2 Kg7 27. g4 Kf6 28. Nh4 Nd6 29. Ng2 Nc4 30. b3 Nd6 31. Ne3 Rf7 32. Kf3
Nb5 33. Rd3 Ke6 34. a4 Nd6 35. Rd5 Rd7 36. f5+ Kf6 37. Kf4 g5+ 38. Kf3 c6
39. Rd1 b5 40. axb5 axb5 41. c4 bxc4 42. bxc4 Nxc4 43. Rxd7 Ne5+ 44. Ke4
Nxd7 45. Nc4 Ke7 46. Ne5 Nxe5 47. Kxe5 Kd7 48. Ke4 Kd6 49. Kd3 Kd5 50. Kc3
Ke5 1/2-1/2

[Event "It Resort and Casino"]
[Site "Decameron DOM"]
[Date "2003.12.07"]
[Round "2"]
[White "Campora,D"]
[Black "Dominiguez,JM"]
[Result "1-0"]
[WhiteElo "2503"]
[BlackElo "2313"]
[EventDate "2003.12.06"]

1. e4 e5 2. Nf3 Nc6 3. d4 exd4 4. Nxd4 Be7 5. Nc3 d6 6. Bc4 Nf6 7. O-O O-O
8. h3 Re8 9. Re1 Nxd4 10. Qxd4 Nd7 11. Nd5 Nb6 12. Nxe7+ Qxe7 13. Bd3 Bd7
14. Bf4 Bc6 15. b4 Qh4 16. Bg3 Qg5 17. Re3 a5 18. h4 Qh5 19. Bxd6 cxd6 20.
Qxb6 axb4 21. Qxb4 Qe5 22. Ree1 Ra4 23. Qb3 Qc5 24. Rab1 Rea8 25. Bb5 Rxa2
26. Bc4 Kf8 27. Bxf7 R8a3 28. Qxa2 Rxa2 29. Bxa2 Qxc2 30. Bd5 Ke7 31. g3
Kf6 32. Rb4 Qd2 33. Reb1 h6 34. Rc4 Qd3 35. Rbc1 Bxd5 36. exd5 Qxd5 37. Rb4
g5 38. hxg5+ Qxg5 39. Rd1 Qc5 40. Rxb7 Qc6 41. Rb4 Kg5 42. Rbd4 h5 43. Rd5+
Kg4 1-0

[Event "It Resort and Casino"]
[Site "Decameron DOM"]
[Date "2003.12.07"]
[Round "3"]
[White "Zapata,A"]
[Black "Campora,D"]
[Result "1/2-1/2"]
[WhiteElo "2472"]
[BlackElo "2503"]
[EventDate "2003.12.06"]

1. e4 e5 2. Nf3 d6 3. d4 exd4 4. Nxd4 Nf6 5. Nc3 Be7 6. Bf4 O-O 7. Qd2 Nc6
8. f3 Nxd4 9. Qxd4 Be6 10. O-O-O Nd7 11. Kb1 Bf6 12. Qd2 Bxc3 13. Qxc3 f5
14. exf5 Rxf5 15. Be3 Nb6 1/2-1/2

[Event "It Resort and Casino"]
[Site "Decameron DOM"]
[Date "2003.12.07"]
[Round "3"]
[White "Ramirez,Al"]
[Black "Bruzon,L"]
[Result "1/2-1/2"]
[WhiteElo "2483"]
[BlackElo "2603"]
[EventDate "2003.12.06"]

1. d4 Nf6 2. c4 e6 3. Nc3 Bb4 4. e3 c5 5. Nge2 d5 6. a3 Ba5 7. dxc5 dxc4 8.
Qxd8+ Kxd8 9. Ng3 Bxc3+ 10. bxc3 Nbd7 11. Bxc4 Nxc5 12. f3 Bd7 13. e4 Ba4
14. Be3 Rc8 15. O-O Ke7 16. Rab1 Nfd7 17. Ba2 b6 18. Nh5 Rhg8 19. Nf4 Rgd8
20. Bd4 Kf8 21. e5 Nb8 22. Ne2 Nc6 23. f4 Bc2 24. Bxc5+ bxc5 25. Rb2 Bd3
26. Kf2 Rb8 1/2-1/2

[Event "It Resort and Casino"]
[Site "Decameron DOM"]
[Date "2003.12.07"]
[Round "3"]
[White "Mateo,Ra"]
[Black "Lugo,B"]
[Result "1/2-1/2"]
[WhiteElo "2445"]
[BlackElo "2418"]
[EventDate "2003.12.06"]

1. d4 d5 2. c4 c6 3. Nc3 Nf6 4. Nf3 e6 5. cxd5 exd5 6. Bg5 Bf5 7. Nh4 Be6
8. Qb3 Nbd7 9. Nf3 Qb6 10. e3 Qxb3 11. axb3 Bf5 12. Nd2 Bb4 13. f3 h6 14.
Bh4 O-O 15. g4 Bh7 16. g5 hxg5 17. Bxg5 Rfe8 18. Bh3 Be7 19. Kf2 Nf8 20.
Rhg1 Bg6 21. f4 Bc2 22. Rg2 Kh8 23. Ke2 Nh5 24. Kf2 Nf6 25. Ke2 Nh5 26. Rf1
Ng6 27. Bxe7 Rxe7 28. Kf2 Rae8 29. Rg5 Nf6 30. Rg3 Nh5 31. Rg5 Nf6 32. Rg3
1/2-1/2

[Event "It Resort and Casino"]
[Site "Decameron DOM"]
[Date "2003.12.07"]
[Round "3"]
[White "Dominiguez,JM"]
[Black "Alvarado,N"]
[Result "1-0"]
[WhiteElo "2313"]
[BlackElo "2318"]
[EventDate "2003.12.06"]

1. d4 Nf6 2. Nf3 e6 3. Bf4 d6 4. Nbd2 Be7 5. e4 Nfd7 6. Bd3 b6 7. Qe2 O-O
8. e5 d5 9. h4 h6 10. Rh3 f5 11. exf6 Rxf6 12. Bg5 Nf8 13. Bxf6 Bxf6 14. g4
Nc6 15. c3 e5 16. Nxe5 Nxe5 17. dxe5 Bxh4 18. O-O-O Ne6 19. Rf3 Bg5 20. Bf5
Qe7 21. Kb1 Nf4 22. Qe3 Ne6 23. Qe1 Bb7 24. Rh3 c5 25. Nf3 Bf4 26. Nh4 Nf8
27. Ng2 Qxe5 28. Nxf4 Qxf4 29. Qe3 Qd6 30. g5 hxg5 31. Qxg5 Re8 32. Rg1 Qe5
33. f4 Qe7 34. Qh5 Qf7 35. Qh8+ 1-0

[Event "It Resort and Casino"]
[Site "Decameron DOM"]
[Date "2003.12.08"]
[Round "4"]
[White "Campora,D"]
[Black "Mateo,Ra"]
[Result "1/2-1/2"]
[WhiteElo "2503"]
[BlackElo "2445"]
[EventDate "2003.12.06"]

1. e4 c5 2. Nf3 d6 3. d4 cxd4 4. Qxd4 a6 5. Be3 Nf6 6. Nc3 Ng4 7. O-O-O Nc6
8. Qd2 Nxe3 9. Qxe3 e6 10. Kb1 Qa5 11. h4 Be7 12. g4 Bd7 13. Nd2 b5 14. f4
Rc8 15. Rh2 Qc7 16. Nb3 Na5 17. Nxa5 Qxa5 18. g5 Qc7 19. Bd3 Qc5 20. Qg3 a5
21. e5 d5 22. h5 Kd8 23. Ne2 a4 24. c3 b4 25. Rc1 a3 26. b3 bxc3 27. Nxc3
Qb4 28. Rhc2 g6 29. Ne2 Rxc2 30. Rxc2 Bc5 31. Qh4 Rf8 32. h6 Ke7 33. Qg3
Rc8 34. Ba6 Rc6 35. Qd3 Rc7 1/2-1/2

[Event "It Resort and Casino"]
[Site "Decameron DOM"]
[Date "2003.12.08"]
[Round "5"]
[White "Zapata,A"]
[Black "Ramirez,Al"]
[Result "1/2-1/2"]
[WhiteElo "2472"]
[BlackElo "2483"]
[EventDate "2003.12.06"]

1. e4 c5 2. Nf3 Nc6 3. d4 cxd4 4. Nxd4 Nf6 5. Nc3 e5 6. Ndb5 d6 7. Bg5 a6
8. Na3 b5 9. Nd5 Be7 10. Bxf6 Bxf6 11. c3 O-O 12. Nc2 Bg5 13. a4 bxa4 14.
Rxa4 a5 15. Bb5 Ne7 16. Nxe7+ Qxe7 17. Nb4 Bh3 18. Bc6 Rac8 19. Rxa5 Bxg2
20. Rg1 Bh3 21. Ra6 Be6 22. Bd5 Bh6 23. Qd3 Bxd5 24. Nxd5 Qh4 25. Rxd6 Ra8
26. Ke2 Rfb8 27. Nb4 Qxh2 28. Rd1 g6 29. Qf3 Qf4 30. Rd7 Ra4 31. Qxf4 Bxf4
32. Rc7 h5 33. Kf3 g5 34. Rh1 h4 35. Kg4 Kg7 36. Rd1 Rh8 37. Rdd7 Rf8 38.
Rd1 Rh8 39. Rdd7 Rf8 40. Rd1 Rh8 41. Kh3 1/2-1/2

[Event "It Resort and Casino"]
[Site "Decameron DOM"]
[Date "2003.12.10"]
[Round "8"]
[White "Zapata,A"]
[Black "Mateo,Ra"]
[Result "1-0"]
[WhiteElo "2472"]
[BlackElo "2445"]
[EventDate "2003.12.06"]

1. e4 c5 2. Nf3 d6 3. d4 cxd4 4. Nxd4 Nf6 5. Nc3 a6 6. Bc4 e6 7. O-O Nbd7
8. Re1 Ne5 9. Bb3 Be7 10. f4 Nc6 11. Nxc6 bxc6 12. Qf3 Nd7 13. Be3 O-O 14.
Na4 Qc7 15. c4 c5 16. Rad1 Bb7 17. Bc2 f5 18. Qh3 g6 19. Bf2 Nf6 20. Nc3
Ng4 21. Bh4 Bxh4 22. Qxh4 Rae8 23. Ba4 Re7 24. exf5 gxf5 25. Nd5 Bxd5 26.
cxd5 c4 27. Re2 c3 28. h3 Qb6+ 29. Kh1 cxb2 30. Bb3 Nf6 31. dxe6 a5 32.
Qg5+ Kh8 33. Qxf5 Qb4 34. Qc2 Nh5 35. Qxb2+ Kg8 36. Rd4 Qc5 37. Rf2 Ng3+
38. Kh2 Nf5 39. Rd5 Qe3 40. Rf3 Qe4 41. Rxf5 1-0

[Event "It Resort and Casino"]
[Site "Decameron DOM"]
[Date "2003.12.10"]
[Round "9"]
[White "Campora,D"]
[Black "Alvarado,N"]
[Result "1-0"]
[WhiteElo "2503"]
[BlackElo "2318"]
[EventDate "2003.12.06"]

1. e4 d6 2. d4 Nf6 3. Nc3 g6 4. Bg5 Bg7 5. e5 Nfd7 6. f4 O-O 7. Nf3 f6 8.
exf6 exf6 9. Bh4 Nb6 10. Be2 Nc6 11. d5 Ne7 12. O-O Kh8 13. Qd2 Bd7 14.
Rad1 Qe8 15. Rfe1 Qf7 16. Bf2 Rae8 17. h3 h6 18. b3 g5 19. Bxb6 axb6 20.
Nd4 Nxd5 21. Bc4 c6 22. Bxd5 cxd5 23. f5 Re5 24. g4 Rfe8 25. a4 Bf8 26. Re2
Be7 27. Rde1 Bd8 28. Ncb5 Qe7 29. Kf2 Re4 30. Nc3 Rxe2+ 31. Rxe2 Qf7 32.
Rxe8+ Qxe8 33. Qe3 Qf7 34. b4 h5 35. b5 Qh7 36. Kg2 hxg4 37. hxg4 Kg8 38.
Nxd5 Qf7 39. c4 1-0

[Event "It Resort and Casino"]
[Site "Decameron DOM"]
[Date "2003.12.10"]
[Round "9"]
[White "De la Paz,F"]
[Black "Dominiguez,JM"]
[Result "1-0"]
[WhiteElo "2427"]
[BlackElo "2313"]
[EventDate "2003.12.06"]

1. e4 e5 2. Nf3 Nc6 3. Bc4 Be7 4. O-O d6 5. c3 Nf6 6. d3 O-O 7. Nbd2 Kh8 8.
Re1 Ng8 9. d4 Bg4 10. h3 Bh5 11. g4 Bg6 12. d5 Nb8 13. Nf1 Nd7 14. Ng3 h6
15. b4 Bh7 16. Bd3 Re8 17. c4 Nf8 18. Be3 Ng6 19. c5 Nf4 20. Bf1 Bg5 21.
Rc1 Qf6 22. a4 Ng6 23. cxd6 cxd6 24. Rc7 Bxe3 25. fxe3 Nh4 26. Nd2 Re7 27.
Rc3 Rf8 28. Rc4 g6 29. Bd3 h5 30. gxh5 Nh6 31. hxg6 Qxg6 32. Kh2 Rg8 33.
Rg1 Qg5 34. Nf5 Qxg1+ 35. Qxg1 Rxg1 36. Rc8+ Ng8 37. Kxg1 Bxf5 38. exf5 Kg7
39. Rc4 e4 40. Bxe4 Nh6 41. Kf2 Kf6 42. Bb1 N4xf5 43. Rf4 Re5 44. e4 Kg5
45. Rxf5+ Nxf5 46. Nf3+ 1-0